| 000 | 004350000a22001690004500 | ||
|---|---|---|---|
| 003 | MACL | ||
| 005 | 20160112154353.0 | ||
| 008 | 160112b xxu||||| |||| 00| 0 eng d | ||
| 040 |
_aMACL _cMACL |
||
| 041 | _aEnglish | ||
| 082 | _a920/TOY | ||
| 100 |
_aToynbee, William _931513 |
||
| 245 | _aGlimpses of The Twenties | ||
| 260 |
_bArchibald Constable & Co Ltd _c1909 _aLondon |
||
| 650 |
_aBiography _931514 |
||
| 942 |
_cBK _k920/TOY _2ddc |
||
| 999 |
_c38553 _d38553 |
||